RESEARCH IN EDUCATION (Record no. 877180)

MARC details
000 -LEADER
fixed length control field 00364nam a2200145Ia 4500
008 - FIXED-LENGTH DATA ELEMENTS--GENERAL INFORMATION
fixed length control field 231004s2016 xx 000 0 und d
020 ## - INTERNATIONAL STANDARD BOOK NUMBER
International Standard Book Number 9788189996437
041 ## - LANGUAGE CODE
Language code of text/sound track or separate title eng
082 ## - DEWEY DECIMAL CLASSIFICATION NUMBER
Classification number 370.72
Item number SAN
100 ## - MAIN ENTRY--PERSONAL NAME
Personal name DR.SANDHU, KAMLESH
245 ## - TITLE STATEMENT
Title RESEARCH IN EDUCATION
260 ## - PUBLICATION, DISTRIBUTION, ETC.
Place of publication, distribution, etc. NEW DELHI
Name of publisher, distributor, etc. SHRI SAI PRINTO GRAPHERS
Date of publication, distribution, etc. 2016
300 ## - PHYSICAL DESCRIPTION
Extent 373
650 ## - SUBJECT ADDED ENTRY--TOPICAL TERM
Topical term or geographic name entry element RESEARCH
Holdings
Withdrawn status Lost status Source of classification or shelving scheme Damaged status Not for loan Home library Current library Shelving location Date acquired Cost, normal purchase price Total Checkouts Full call number Barcode Date last seen Price effective from Koha item type
    Dewey Decimal Classification     College of Physical Education, Pune College of Physical Education, Pune   01/03/2022 1595.00   370.72/SAN PEP-BPED-5183 06/10/2023 06/10/2023 Book